=LDR 00000nam 2200000 4500 =001 INLIS000000000012877 =005 20130612104345 =008 ***********************************Ind** =035 ##$$0010-061300000012877 =041 ##$$a Ind =082 ##$$a 959.8 =090 ##$$a 959.8, Sus m =100 ##$$a Susetyo, Benny =245 ##$$a Membuka mata hati Indonesia, Benny Susetyo =260 ##$$a 2002 $b Yogyakarta =300 ##$$a xx, 2001 hlm, 21 cm =650 ##$$a Indonesia =650 ##$$a Politik dan pemerintahan =850 ##$$a NBPNMAT =990 ##$$a 0001/BPAP-NTB/2015